000 00691nam a22002057a 4500
010 _a527002
035 _a527002
037 _bCen Lib / Ret
040 _aDPL
_bEN
082 _a342.54
_bIND
245 _aThe Farming of India's constitution :
_bSelect documents /
_cby B. Shiva Rao
260 _aNew Delhi
_bIndian Institute of Public Administration;
_c1968
270 _aN. M. Tripathi Pvt Ltd
_bBombay
300 _a(v 3. 782p)
_b24cm(hb)
650 _aConstitutional history -- India -- Sources.
650 _aConstitutional law -- India.
650 _aIndia -- Constitutional history -- Sources.
700 _aRao, B. Shiva
942 _2ddc
_cEN
_h342.54
_mIND
999 _c136740
_d136740